01223cam2a220030101 4500001001200000003000500012005001700017007001500034008004100049028004900090035001900139035002200158040000900180041000800189100006900197240006000266245005700326260003600383500003300419501005000452511007800502650003200580700003200612700011200644700011200756710004700868004000600915tmp15762596UPRA20190822115057.0sdubmmennuuune951023s1956 nyu u02aXWN 18230 WestminsterbXWN 18230 Westminster a(Sirsi) r51859 a(UPRA)tmp15762596 cUPRA0 geng1 aBizet, Georges, 1838-1875.dBizet, Georges, 1838-1875.6A10164.1 a12a26.1..1.13 k26.1..15.7 n26.1..23.13hSound recording12aL'Arlesienne suites nos. 1 and 2h[sound recording]. aNew York :bWestminster,c1956. aSleeve notes by James Lyons. aWith: Bizet, G., Carmen suites, nos. 1 and 2.0 aArtur Rodzinski conducting the Philharmonic Symphony Orchestra of London. 0aSuites (Orchestra)6S6167.11 aRedzinski, Artur.6A10166.11 aBizet, G. Carmen suites, no. 1.tBizet, G. Carmen suites, no. 1.nBizet, G. Carmen suites, no. 1.6A10167.11 aBizet, G. Carmen suites, no. 2.tBizet, G. Carmen suites, no. 2.nBizet, G. Carmen suites, no. 2.6A10168.12 aPhilharmonic Symphony of London.6A10169.151859